Same Actor-Arnold Schwarzenegger - Statistics

General Stats
  • This quiz has been taken 23 times
  • The average score is 4 of 9
Answer Stats
Picture Answer % Correct
The Terminator
100%
Conan the Barbarian
95%
Mr. Freeze
70%
Dutch
35%
John Kimble
25%
Col. John Matrix
20%
Julius Benedict
20%
Harry Tasker
15%
Jack Slater
10%
No matching quizzes found
Score Distribution
Percent of People with Each Score
Percentile by Number Answered
Your Score History
You have not taken this quiz